[Event "Rottach Egern Seniors Cup 11th"]
[Site "Rottach Egern"]
[Date "2023.04.15"]
[Round "1"]
[White "Kuempers, Ulrich"]
[Black "Antoniacci, Ricardo"]
[Result "1/2-1/2"]
[WhiteElo "2008"]
[BlackElo "1706"]
[PlyCount "178"]
[EventDate "2023.04.15"]
[EventType "swiss"]
[EventRounds "9"]
[EventCountry "GER"]
[SourceTitle "EXT 2024"]
[Source "ChessBase"]
[SourceDate "2023.10.10"]
[SourceVersion "1"]
[SourceVersionDate "2023.10.10"]
[SourceQuality "1"]

1. d4 Nf6 2. c4 c5 3. d5 b5 4. cxb5 a6 5. bxa6 Bxa6 6. Nc3 g6 7. f4 Bg7 8. Nf3 d6 9. e4 Bxf1 10. Rxf1 0-0 11. e5 Ne8 12. Kf2 Nd7 13. e6 fxe6 14. Ng5 Nc7 15. dxe6 Bd4+ 16. Kg3 Nf6 17. f5 Nh5+ 18. Kh3 Qe8 19. Nf7 Ng7 20. g4 Qc6 21. Qd3 Ngxe6 22. fxe6 Nxe6 23. Nh6+ Kg7 24. Bd2 Bf6 25. g5 Bxg5 26. Bxg5 Nxg5+ 27. Kg4 Qg2+ 28. Qg3 Qxg3+ 29. hxg3 Ne6 30. Rh1 Rab8 31. Rae1 Rb4+ 32. Re4 Rf2 33. Rxb4 cxb4 34. Nd5 Rxb2 35. Re1 Kxh6 36. Rxe6 Rxa2 37. Rxe7 b3 38. Nf6 Ra4+ 39. Kf3 Rb4 40. Rxh7+ Kg5 41. Ne4+ Kf5 42. Re7 g5 43. g4+ Kg6 44. Re6+ Kg7 45. Nd2 b2 46. Re1 Rd4 47. Ne4 Kg6 48. Rb1 d5 49. Nc5 Rb4 50. Nd3 Rb3 51. Ke3 Kf6 52. Rxb2 Rc3 53. Rb6+ Kg7 54. Rd6 Rc4 55. Nf2 Rc5 56. Re6 Ra5 57. Nd3 Ra4 58. Ne5 Kh7 59. Re7+ Kh6 60. Kd3 Re4 61. Nf7+ Kg6 62. Rxe4 dxe4+ 63. Kxe4 Kxf7 64. Kf5 Kf8 65. Kf6 Kg8 66. Kg6 Kf8 67. Kh7 Kf7 68. Kh6 Kf8 69. Kxg5 Kg7 70. Kh5 Kh7 71. Kg5 Kg7 72. Kf5 Kf7 73. Ke5 Kg6 74. Ke4 Kg5 75. Kf3 Kg6 76. Kf4 Kf6 77. g5+ Kg6 78. Kg4 Kg7 79. Kf5 Kf7 80. Ke5 Kg7 81. Kf4 Kf8 82. Kf5 Kf7 83. g6+ Kg8 84. Kg5 Kg7 85. Kh5 Kg8 86. Kh6 Kh8 87. Kh5 Kg8 88. Kg5 Kg7 89. Kh5 Kh8 1/2-1/2

[Event "Cattolica op-B 8th"]
[Site "Cattolica"]
[Date "2021.05.30"]
[Round "4"]
[White "Antoniacci, Ricardo"]
[Black "Catena, Marco"]
[Result "1-0"]
[WhiteElo "1675"]
[BlackElo "1868"]
[PlyCount "73"]
[EventDate "2021.05.27"]
[EventType "swiss"]
[EventRounds "7"]
[EventCountry "ITA"]
[SourceTitle "CBM 203 Extra"]
[Source "ChessBase"]
[SourceDate "2021.09.30"]
[SourceVersion "1"]
[SourceVersionDate "2021.09.30"]
[SourceQuality "1"]

1. e4 c6 2. Nc3 d5 3. Nf3 dxe4 4. Nxe4 Bf5 5. Ng3 Bg4 6. h3 Bxf3 7. Qxf3 Nf6 8. Bc4 e6 9. 0-0 Nbd7 10. Re1 Be7 11. Bb3 0-0 12. d4 Re8 13. Bd2 Nf8 14. c3 Ng6 15. Rad1 Qc7 16. Nh5 Rad8 17. Nxf6+ Bxf6 18. Qh5 Re7 19. Bc2 Red7 20. Bb3 c5 21. Bg5 Bxg5 22. Qxg5 cxd4 23. Rxd4 Rxd4 24. cxd4 Rxd4 25. Rc1 Qd7 26. Qc5 a6 27. Qb6 Rd6 28. Rc8+ Nf8 29. Qc5 b6 30. Qc4 b5 31. Qc5 g6 32. Rc7 Qd8 33. Rc8 Qb6 34. Qg5 Qd4 35. Qe7 Kg7 36. Qxf8+ Kf6 37. Qh8+ 1-0

[Event "Cattolica op-B 8th"]
[Site "Cattolica"]
[Date "2021.05.29"]
[Round "3"]
[White "Rapetti, Giuseppe"]
[Black "Antoniacci, Ricardo"]
[Result "0-1"]
[WhiteElo "1609"]
[BlackElo "1675"]
[PlyCount "112"]
[EventDate "2021.05.27"]
[EventType "swiss"]
[EventRounds "7"]
[EventCountry "ITA"]
[SourceTitle "CBM 203 Extra"]
[Source "ChessBase"]
[SourceDate "2021.09.30"]
[SourceVersion "1"]
[SourceVersionDate "2021.09.30"]
[SourceQuality "1"]

1. d4 Nf6 2. c4 c5 3. Nf3 b6 4. g3 Bb7 5. Bg2 g6 6. d5 Bg7 7. Nc3 d6 8. 0-0 0-0 9. e4 Nbd7 10. h3 h6 11. Re1 Ne8 12. Bf4 g5 13. Bd2 Ne5 14. Nxe5 Bxe5 15. h4 e6 16. hxg5 hxg5 17. Qg4 f5 18. exf5 exf5 19. Qxg5+ Qxg5 20. Bxg5 Kg7 21. Bf3 Kg6 22. Bd2 Nf6 23. Kg2 Rh8 24. Rh1 Ba6 25. b3 Rag8 26. Rxh8 Rxh8 27. Rh1 Rxh1 28. Kxh1 Bd4 29. Kg2 Nd7 30. Ne2 Be5 31. g4 b5 32. cxb5 Bxb5 33. Nf4+ Bxf4 34. Bxf4 Ne5 35. gxf5+ Kxf5 36. Bxe5 Kxe5 37. Kg3 Bd3 38. Bd1 Kxd5 39. f4 Ke6 40. Kf3 d5 41. Ke3 Bb1 42. a3 d4+ 43. Kd2 Kf5 44. Bf3 a5 45. Bd5 Kxf4 46. Bc6 Ke5 47. Bf3 Be4 48. Be2 Bd5 49. Bd1 a4 50. bxa4 c4 51. Kc2 Be4+ 52. Kc1 c3 53. a5 d3 54. Bh5 Kd4 55. a6 Ke3 56. Kd1 d2 0-1

[Event "Arco op 42nd"]
[Site "Arco"]
[Date "2020.10.10"]
[Round "1.34"]
[White "Antoniacci, Ricardo"]
[Black "Perez Bolanos, David"]
[Result "1/2-1/2"]
[WhiteElo "1665"]
[BlackElo "2031"]
[PlyCount "68"]
[EventDate "2020.10.10"]
[EventType "swiss"]
[EventRounds "9"]
[EventCountry "ITA"]
[SourceTitle "CBM 198 Extra"]
[Source "ChessBase"]
[SourceDate "2020.11.30"]
[SourceVersion "1"]
[SourceVersionDate "2020.11.30"]
[SourceQuality "1"]

1. e4 c5 2. Nc3 Nc6 3. f4 g6 4. Nf3 Bg7 5. Bb5 e6 6. d3 Nge7 7. Be3 Nd4 8. 0-0 a6 9. Ba4 0-0 10. Qd2 d5 11. Bxd4 cxd4 12. Ne2 Qb6 13. Kh1 Qxb2 14. a3 Qb6 15. Rfb1 Qc5 16. e5 b5 17. Bb3 Nc6 18. g4 f6 19. exf6 Rxf6 20. Ng3 Bd7 21. f5 exf5 22. gxf5 Bxf5 23. Nh4 Be6 24. Re1 Kh8 25. Qg2 Bg8 26. Qh3 Na5 27. Ne2 Be6 28. Qg3 Raf8 29. Nf4 Rxf4 30. Rxe6 Nxb3 31. cxb3 Qc2 32. Rg1 Qf2 33. Rxg6 Qxg3 34. R6xg3 Bh6 1/2-1/2

[Event "Arco op 41st"]
[Site "Arco"]
[Date "2019.10.04"]
[Round "1"]
[White "Antoniacci, Ricardo"]
[Black "Shehzad, Shazil Khan"]
[Result "0-1"]
[WhiteElo "1786"]
[BlackElo "2140"]
[PlyCount "66"]
[EventDate "2019.10.04"]
[EventType "swiss"]
[EventRounds "9"]
[EventCountry "ITA"]
[SourceTitle "EXT 2020"]
[Source "ChessBase"]
[SourceDate "2019.10.17"]
[SourceVersion "1"]
[SourceVersionDate "2019.10.17"]
[SourceQuality "1"]

1. c4 e5 2. Nc3 Nf6 3. Nf3 Nc6 4. d4 exd4 5. Nxd4 Bc5 6. Nc2 0-0 7. g3 a5 8. Bg2 h6 9. 0-0 Ng4 10. e4 d6 11. b3 Nb4 12. Nd5 Nxd5 13. Qxd5 Qf6 14. Be3 Nxe3 15. Nxe3 Bxe3 16. fxe3 Qe7 17. Rf4 a4 18. b4 Be6 19. Qd3 a3 20. Qc3 Qg5 21. Rf2 Ra4 22. Bf3 c5 23. Rb1 Rc8 24. Be2 cxb4 25. Rxb4 Rxb4 26. Qxb4 Qxe3 27. Qxb7 Qc1+ 28. Kg2 Qb2 29. Qa6 Qxa2 30. Bh5 Qxc4 31. Qxa3 Qxe4+ 32. Bf3 Qd4 33. Bb7 Rb8 0-1

[Event "Arco op 40th"]
[Site "Arco"]
[Date "2018.10.18"]
[Round "6"]
[White "Moro, Roberto"]
[Black "Antoniacci, Ricardo"]
[Result "0-1"]
[WhiteElo "1664"]
[BlackElo "1819"]
[PlyCount "44"]
[EventDate "2018.10.13"]
[EventType "swiss"]
[EventRounds "9"]
[EventCountry "ITA"]
[SourceTitle "CBM 186 Extra"]
[Source "ChessBase"]
[SourceDate "2018.08.24"]
[SourceVersion "1"]
[SourceVersionDate "2018.08.24"]
[SourceQuality "1"]

1. e4 e5 2. f4 exf4 3. Nf3 Nf6 4. Nc3 d5 5. e5 Ne4 6. d4 Bb4 7. Bd2 c5 8. Bb5+ Bd7 9. Bxd7+ Nxd7 10. Nxe4 dxe4 11. Bxb4 exf3 12. Qxf3 cxb4 13. Qxf4 Nb6 14. 0-0-0 Nd5 15. Qe4 0-0 16. Rd3 f5 17. exf6 Nxf6 18. Qxb7 Qd5 19. Qxb4 Qxa2 20. Ra3 Qd5 21. Re1 Rfc8 22. c3 Qxg2 0-1

[Event "Arco op-A 39th"]
[Site "Arco"]
[Date "2017.10.12"]
[Round "6"]
[White "Antoniacci, Ricardo"]
[Black "Ager, Josef"]
[Result "0-1"]
[WhiteElo "1897"]
[BlackElo "2109"]
[PlyCount "58"]
[EventDate "2017.10.07"]
[EventType "swiss"]
[EventRounds "9"]
[EventCountry "ITA"]
[SourceTitle "CBM 181 Extra"]
[Source "ChessBase"]
[SourceDate "2017.12.12"]
[SourceVersion "1"]
[SourceVersionDate "2017.12.12"]
[SourceQuality "1"]

1. d4 Nf6 2. Nc3 d6 3. e4 Nbd7 4. Bc4 e5 5. Bg5 Be7 6. Nf3 c6 7. a4 h6 8. Bh4 0-0 9. 0-0 b6 10. Bg3 Qc7 11. Qe2 a5 12. Rfd1 Nh5 13. Nh4 Nf4 14. Bxf4 Bxh4 15. Be3 Bf6 16. f4 exd4 17. Bxd4 Re8 18. Qd3 Be7 19. Qg3 Bf8 20. Re1 Bb7 21. Re2 b5 22. Ba2 b4 23. Nb1 c5 24. Be3 Bxe4 25. Nd2 Bh7 26. Rf1 Bxc2 27. Rfe1 Bd3 28. Rf2 c4 29. Nf3 b3 0-1

[Event "Nova Gorica op 21st"]
[Site "Nova Gorica"]
[Date "2016.02.03"]
[Round "8"]
[White "Antoniacci, Ricardo"]
[Black "Marn, Jan"]
[Result "0-1"]
[WhiteElo "1820"]
[BlackElo "1755"]
[PlyCount "50"]
[EventDate "2016.01.29"]
[EventType "swiss"]
[EventRounds "9"]
[EventCountry "SLO"]
[SourceTitle "CBM 170 Extra"]
[Source "ChessBase"]
[SourceDate "2016.02.25"]
[SourceVersion "1"]
[SourceVersionDate "2016.02.25"]
[SourceQuality "1"]

1. e4 e5 2. f4 exf4 3. Bc4 d5 4. Bxd5 Nf6 5. Bb3 Bc5 6. Nf3 Nxe4 7. d4 Bd6 8. Qe2 Qe7 9. 0-0 0-0 10. Re1 Re8 11. Qc4 Bg4 12. Ng5 Nxg5 13. Rxe7 Rxe7 14. Bd2 Nd7 15. Nc3 Rae8 16. h4 Ne6 17. Nd5 Nb6 18. Nxe7+ Rxe7 19. Qd3 Nd7 20. c3 g6 21. Rf1 Bf5 22. Qe2 Nxd4 23. Qf2 Ne2+ 24. Kh1 Ng3+ 25. Kg1 Bc5 0-1

[Event "Nova Gorica op 21st"]
[Site "Nova Gorica"]
[Date "2016.02.01"]
[Round "6"]
[White "Bajt, Ales"]
[Black "Antoniacci, Ricardo"]
[Result "1-0"]
[WhiteElo "1276"]
[BlackElo "1820"]
[PlyCount "77"]
[EventDate "2016.01.29"]
[EventType "swiss"]
[EventRounds "9"]
[EventCountry "SLO"]
[SourceTitle "CBM 170 Extra"]
[Source "ChessBase"]
[SourceDate "2016.02.25"]
[SourceVersion "1"]
[SourceVersionDate "2016.02.25"]
[SourceQuality "1"]

1. e4 c5 2. Nc3 Nc6 3. Nf3 g6 4. Be2 Bg7 5. d3 e6 6. 0-0 Nge7 7. Bf4 d5 8. exd5 Nxd5 9. Nxd5 exd5 10. c3 0-0 11. Qd2 Re8 12. Rfe1 Bf5 13. Rad1 d4 14. c4 a5 15. Bh6 a4 16. h4 a3 17. b3 Nb4 18. g3 Ra6 19. Bf1 Rae6 20. Rxe6 Rxe6 21. Re1 Qe8 22. Bxg7 Kxg7 23. Nxd4 cxd4 24. Qxb4 Qe7 25. c5 Re5 26. Rc1 Rd5 27. Qxa3 Bg4 28. b4 g5 29. Qb3 Bf3 30. Bg2 Rf5 31. Bxf3 Rxf3 32. Qd5 Rxg3+ 33. fxg3 Qe3+ 34. Kg2 Qxc1 35. Qxg5+ Qxg5 36. hxg5 Kg6 37. b5 Kf5 38. c6 bxc6 39. b6 1-0